Most common female names starting with L - Statistics

General Stats
  • This quiz has been taken 376 times
  • The average score is 37 of 100
Answer Stats
Hint Answer % Correct
3 Laura
89%
51 Lea
85%
2 Lisa
85%
1 Linda
83%
4 Lauren
81%
9 Lily
78%
29 Lana
76%
15 Lucy
74%
52 Lara
73%
33 Lola
73%
78 Lou
73%
32 Lila
71%
27 Lena
70%
21 Luna
66%
16 Layla
65%
7 Leah
65%
58 Lia
63%
20 Louise
63%
11 Lynn
60%
89 Lina
59%
98 Louisa
58%
38 Lee
57%
82 Liza
57%
5 Lori
57%
25 Lilly
55%
62 Leann
54%
74 Lilian
53%
41 Leila
52%
31 Lucia
51%
13 Lydia
51%
24 Lucille
50%
45 Lora
49%
53 Leanne
47%
8 Lillian
47%
6 Leslie
46%
54 Lexi
42%
72 Lorna
42%
99 Loren
41%
90 Libby
40%
12 Laurie
39%
61 Leanna
39%
10 Lindsey
39%
43 Leigh
37%
48 Leona
37%
26 Lacey
36%
14 Lindsay
36%
17 Lois
36%
19 Loretta
36%
70 Lacy
35%
22 Liliana
35%
28 Lynne
35%
60 Larissa
34%
39 Lyla
34%
42 Laurel
33%
69 Liana
33%
18 Lorraine
33%
55 Lucinda
33%
37 Laila
32%
40 Leticia
31%
77 Leia
30%
94 Laney
28%
47 Lesley
27%
49 Logan
25%
36 London
25%
23 Lynda
24%
44 Lynette
24%
84 Lexie
23%
35 Lillie
22%
46 Lorena
22%
73 Lainey
20%
30 Leilani
20%
95 Luann
19%
88 Luciana
19%
83 Lula
19%
76 Lenora
18%
66 Lilah
18%
64 Lilliana
18%
79 Lorelei
18%
68 Lorie
17%
67 Lyric
17%
96 Lela
16%
86 Liberty
16%
57 Lizbeth
16%
81 Laverne
14%
63 Lauryn
13%
93 Lynnette
10%
34 Latoya
9%
80 Lorrie
9%
91 Lourdes
9%
92 Leeann
8%
85 Lesly
8%
87 Lyndsey
8%
56 Londyn
7%
59 Luz
7%
71 Latisha
6%
50 Latasha
4%
75 Ladonna
3%
97 Lakeisha
2%
100 Lakisha
2%
65 Latonya
2%
No matching quizzes found
Score Distribution
Percent of People with Each Score
Percentile by Number Answered
Your Score History
You have not taken this quiz